[Event "DEM U16 2004"]
[Site "Willingen GER"]
[Date "2004.06.04"]
[Round "8"]
[White "Figura, Atila Gajo"]
[Black "Lieder, Konrad"]
[Result "1/2-1/2"]
[Termination "normal"]
[Board "5"]
[WhiteElo "2154"]
[BlackElo "2087"]
[PlyCount "120"]
[WhiteFideId "4688058"]
[BlackFideId "4692721"]
[EventCountry "GER"]
[EventRounds "9"]
[EventType "swiss"]
[EventDate "2004.05.29"]

1. d4 d5 2. c4 c6 3. Nc3 Nf6 4. e3 e6 5. Nf3 Nbd7 6. Qc2 Be7 7. Bd2 O-O 8. Bd3
a6 9. e4 dxc4 10. Bxc4 c5 11. dxc5 Bxc5 12. O-O b5 13. Bd3 e5 14. Rad1 h6 15.
Ne2 Bb7 16. Ng3 Rc8 17. Qb1 Re8 18. Nf5 Bf8 19. b4 Qc7 20. Rc1 Bc6 21. Ne1 Qb7
22. f3 Nb6 23. Ne3 Rcd8 24. Qc2 Re6 25. Kh1 Na4 26. Nf5 Kh7 27. g4 g6 28. Ng3
Red6 29. a3 Qd7 30. Be3 Be7 31. Be2 Qb7 32. Kg1 Rc8 33. Qa2 Be8 34. Nd3 Nc3 35.
Qb2 Nxe2+ 36. Qxe2 Nd7 37. Nh1 Rdc6 38. Qf2 f6 39. Qh4 g5 40. Qf2 Bf7 41. Rxc6
Rxc6 42. Ng3 Qc7 43. Nf5 Bf8 44. h4 Rc3 45. Rc1 Rxc1+ 46. Nxc1 Qc3 47. hxg5
hxg5 48. Qd2 Qxd2 49. Bxd2 Nb6 50. Nd3 Nc4 51. Bc1 Be6 52. Kf2 Kg6 53. Ke2 Kf7
54. Ne3 Ke7 55. Nxc4 Bxc4 56. Bb2 Kd7 57. Kd2 Bxd3 58. Kxd3 Bd6 59. Kc3 Bc7 60.
Kb3 Bb6 1/2-1/2

[Event "DEM U16 2004"]
[Site "Willingen GER"]
[Date "2004.06.04"]
[Round "8"]
[White "Rehberg, Raphael"]
[Black "Nuber, Korbinian"]
[Result "1-0"]
[Termination "normal"]
[Board "6"]
[WhiteElo "2056"]
[BlackElo "2004"]
[PlyCount "71"]
[WhiteFideId "4686799"]
[BlackFideId "24607231"]
[EventCountry "GER"]
[EventRounds "9"]
[EventType "swiss"]
[EventDate "2004.05.29"]

1. e4 Nf6 2. e5 Nd5 3. d4 d6 4. c4 Nb6 5. exd6 exd6 6. Nc3 Nc6 7. Be3 g6 8. b3
Bg7 9. Nf3 O-O 10. Be2 Bg4 11. h3 Bxf3 12. Bxf3 f5 13. Ne2 Rb8 14. g3 Qf6 15.
Rc1 Kh8 16. Bg2 g5 17. h4 g4 18. O-O d5 19. cxd5 Nb4 20. Nf4 Qf7 21. Ne6 Rfc8
22. Nxg7 Kxg7 23. Bf4 N4xd5 24. Be5+ Kg8 25. Qd2 Ra8 26. f3 gxf3 27. Rxf3 Qh5
28. Rcf1 Rf8 29. Bh3 Ne7 30. Qg2 c6 31. g4 Qg6 32. gxf5 Qxg2+ 33. Kxg2 Kf7 34.
Bg4 Ke8 35. Re1 Kd8 36. Bd6 1-0

[Event "DEM U16 2004"]
[Site "Willingen GER"]
[Date "2004.06.04"]
[Round "8"]
[White "Zebisch, Paul"]
[Black "Grimberg, Boris"]
[Result "1/2-1/2"]
[Termination "normal"]
[Board "7"]
[WhiteElo "1987"]
[BlackElo "2111"]
[PlyCount "118"]
[WhiteFideId "24601535"]
[BlackFideId "4697499"]
[EventCountry "GER"]
[EventRounds "9"]
[EventType "swiss"]
[EventDate "2004.05.29"]

1. e4 Nf6 2. Nc3 d5 3. e5 d4 4. exf6 dxc3 5. fxg7 cxd2+ 6. Qxd2 Qxd2+ 7. Bxd2
Bxg7 8. O-O-O Bf5 9. Ne2 Nd7 10. Bc3 e5 11. Ng3 Be6 12. Bd3 O-O-O 13. Bf5 Rde8
14. Bxe6 Rxe6 15. Nf5 Bf6 16. Rhe1 Rg8 17. g3 Rg5 18. Ne3 e4 19. Bxf6 Nxf6 20.
h4 Ra5 21. a3 Ne8 22. Nc4 Rf5 23. Re2 Nd6 24. Nxd6+ cxd6 25. Rd4 Rfe5 26. Kd2
Kd7 27. c4 b5 28. cxb5 Rxb5 29. b4 f5 30. a4 Rb8 31. Kc3 Rc8+ 32. Kb3 h5 33.
Rd5 Re5 34. Rxe5 dxe5 35. b5 Rc1 36. Kb4 Kc7 37. Rd2 Rb1+ 38. Ka5 Rb3 39. Ka6
Rd3 40. Rc2+ Kb8 41. a5 e3 42. fxe3 Rxe3 43. Rf2 Rxg3 44. Rxf5 Rg6+ 45. b6 axb6
46. axb6 Rg8 47. Rxe5 Rh8 48. Rg5 Ka8 49. Rg6 Kb8 50. Kb5 Kb7 51. Rg7+ Kb8 52.
Rf7 Kc8 53. Re7 Kb8 54. Kc5 Rh6 55. Rc7 Rh8 56. Rc6 Kb7 57. Re6 Rc8+ 58. Kd4
Ra8 59. Kc5 Ra5+ 1/2-1/2

[Event "DEM U16 2004"]
[Site "Willingen GER"]
[Date "2004.06.04"]
[Round "8"]
[White "Müller, Philipp"]
[Black "Klaus, Christian"]
[Result "1/2-1/2"]
[Termination "normal"]
[Board "8"]
[WhiteElo "1785"]
[BlackElo "2061"]
[PlyCount "41"]
[WhiteFideId "24620262"]
[BlackFideId "4696395"]
[EventCountry "GER"]
[EventRounds "9"]
[EventType "swiss"]
[EventDate "2004.05.29"]

1. d4 d6 2. c4 g6 3. Nc3 Bg7 4. e4 e5 5. Be3 Nc6 6. d5 Nce7 7. c5 f5 8. f3 Nf6
9. cxd6 cxd6 10. Rc1 a6 11. Bd3 Bd7 12. a4 O-O 13. Qb3 fxe4 14. fxe4 b5 15. Nf3
Ng4 16. Bg1 bxa4 17. Qa3 Qb8 18. h3 Bh6 19. Rc2 Ne3 20. Bxe3 Bxe3 21. Nxa4
1/2-1/2

[Event "DEM U16 2004"]
[Site "Willingen GER"]
[Date "2004.06.04"]
[Round "8"]
[White "Bubolz, Konstantin"]
[Black "Lutz, Dieter"]
[Result "0-1"]
[Termination "normal"]
[Board "9"]
[WhiteElo "2015"]
[BlackElo "2153"]
[PlyCount "92"]
[WhiteFideId "24610194"]
[BlackFideId "4667565"]
[EventCountry "GER"]
[EventRounds "9"]
[EventType "swiss"]
[EventDate "2004.05.29"]

1. d4 Nf6 2. c4 e6 3. Nc3 Bb4 4. Qc2 O-O 5. a3 Bxc3+ 6. Qxc3 b6 7. Bg5 Bb7 8.
e3 d6 9. Ne2 Nbd7 10. Qd3 h6 11. Bh4 Re8 12. Nc3 Nf8 13. O-O-O Ng6 14. Bg3 Qe7
15. Be2 Bxg2 16. Rhg1 Bh3 17. e4 e5 18. d5 Bg4 19. Bxg4 Nxg4 20. h3 Nf6 21. Ne2
Nh5 22. Qf3 Nhf4 23. Bxf4 exf4 24. Nc3 Qf6 25. Nb5 Re7 26. Qd3 f3 27. Rde1 Rae8
28. Kc2 Qh4 29. Qxf3 Rxe4 30. Rxe4 Rxe4 31. b3 Rf4 32. Qe3 Qxf2+ 33. Qxf2 Rxf2+
34. Kc3 Rf3+ 35. Kb4 a5+ 36. Ka4 Nf4 37. b4 axb4 38. axb4 Nxh3 39. Re1 g5 40.
Nxc7 g4 41. Ne8 g3 42. c5 bxc5 43. bxc5 dxc5 44. d6 g2 45. d7 Rd3 46. Re3 Rd4+
0-1

[Event "DEM U16 2004"]
[Site "Willingen GER"]
[Date "2004.06.04"]
[Round "8"]
[White "Ratkovitch, Dimitri"]
[Black "Krug, Kevin"]
[Result "1/2-1/2"]
[Termination "normal"]
[Board "10"]
[WhiteElo "2099"]
[BlackElo "2066"]
[PlyCount "54"]
[WhiteFideId "24608050"]
[BlackFideId "24609110"]
[EventCountry "GER"]
[EventRounds "9"]
[EventType "swiss"]
[EventDate "2004.05.29"]

1. e4 Nc6 2. Nf3 e5 3. Bc4 Bc5 4. c3 Nf6 5. d4 exd4 6. cxd4 Bb4+ 7. Nc3 Nxe4 8.
O-O Bxc3 9. d5 Bf6 10. Re1 Ne7 11. Rxe4 d6 12. Bg5 Bxg5 13. Nxg5 O-O 14. Nxh7
Kxh7 15. Qh5+ Kg8 16. Rh4 f5 17. Qh7+ Kf7 18. Rh6 Rg8 19. Re1 Kf8 20. Ree6 gxh6
21. Rf6+ Ke8 22. Qf7+ Kd7 23. Qe6+ Ke8 24. Qf7+ Kd7 25. Qe6+ Ke8 26. Qf7+ Kd7
27. Qe6+ Ke8 1/2-1/2

[Event "DEM U16 2004"]
[Site "Willingen GER"]
[Date "2004.06.04"]
[Round "8"]
[White "Elstner, Eik"]
[Black "Strache, Michael"]
[Result "0-1"]
[Termination "normal"]
[Board "11"]
[WhiteElo "2103"]
[BlackElo "2031"]
[PlyCount "62"]
[WhiteFideId "24605581"]
[BlackFideId "4693183"]
[EventCountry "GER"]
[EventRounds "9"]
[EventType "swiss"]
[EventDate "2004.05.29"]

1. d4 f5 2. c4 Nf6 3. Nf3 g6 4. g3 Bg7 5. Bg2 O-O 6. Nc3 d6 7. O-O Nc6 8. d5
Ne5 9. Nxe5 dxe5 10. e4 f4 11. f3 g5 12. g4 h5 13. h3 Kf7 14. Na4 hxg4 15. hxg4
e6 16. Kf2 Rh8 17. b3 exd5 18. cxd5 Qd6 19. Qc2 Bf8 20. Rh1 Rxh1 21. Bxh1 b5
22. Nb2 Qc5+ 23. Qxc5 Bxc5+ 24. Kg2 Bd4 25. Rb1 Bxg4 26. fxg4 Rh8 27. Bd2 Nxg4
28. Kf3 Nf6 29. Bg2 Rh2 30. Rh1 g4+ 31. Ke2 f3+ 0-1

[Event "DEM U16 2004"]
[Site "Willingen GER"]
[Date "2004.06.04"]
[Round "8"]
[White "Abel, Dennes"]
[Black "Rietze, Clemens"]
[Result "1/2-1/2"]
[Termination "normal"]
[Board "12"]
[WhiteElo "2143"]
[BlackElo "1835"]
[PlyCount "146"]
[WhiteFideId "24605417"]
[BlackFideId "24620351"]
[EventCountry "GER"]
[EventRounds "9"]
[EventType "swiss"]
[EventDate "2004.05.29"]

1. d4 d5 2. c4 c6 3. Nf3 Nf6 4. Nc3 dxc4 5. a4 Bf5 6. e3 e6 7. Bxc4 Bb4 8. O-O
Nbd7 9. Qe2 O-O 10. e4 Bg4 11. e5 Nd5 12. Ne4 c5 13. Bg5 Qb6 14. dxc5 Nxc5 15.
Ng3 Nd7 16. Qe4 Bxf3 17. gxf3 f5 18. exf6 N7xf6 19. Bxf6 Rxf6 20. Bxd5 exd5 21.
Qxd5+ Kh8 22. Rad1 Raf8 23. Rd3 Rh6 24. Qe4 Bc5 25. b3 Qf6 26. Rd5 Rh4 27. Rf5
Qh6 28. Rxf8+ Bxf8 29. Qe8 Kg8 30. Rd1 Rf4 31. Kg2 Qf6 32. Rd3 Qf7 33. Qe5 Rf6
34. Qe2 b6 35. Rd8 Re6 36. Qd3 Re8 37. Rd5 Qe6 38. Rh5 h6 39. Rd5 Qf7 40. Rf5
Qe6 41. Rd5 Qf7 42. Qd2 Qg6 43. h3 Re6 44. f4 Rd6 45. f5 Rxd5 46. Qxd5+ Qf7 47.
Qe6 Bc5 48. Ne4 Qxe6 49. fxe6 Kf8 50. f4 g6 51. h4 h5 52. f5 gxf5 53. Ng3 Ke7
54. Nxf5+ Kxe6 55. Ng7+ Ke5 56. Nxh5 Be7 57. Kg3 Kd4 58. Nf4 Bxh4+ 59. Kxh4 Kc3
60. Kg3 Kxb3 61. Kf3 Kxa4 62. Ke3 b5 63. Kd2 Kb3 64. Nd5 a5 65. Nc3 b4 66. Nd5
Ka3 67. Kc2 Ka2 68. Nc3+ bxc3 69. Kxc3 a4 70. Kc2 a3 71. Kc1 Kb3 72. Kb1 a2+
73. Ka1 Ka3 1/2-1/2

[Event "DEM U16 2004"]
[Site "Willingen GER"]
[Date "2004.06.04"]
[Round "8"]
[White "Kaufmann, Benjamin"]
[Black "Denker, Stephan"]
[Result "1/2-1/2"]
[Termination "normal"]
[Board "13"]
[WhiteElo "1750"]
[BlackElo "1920"]
[PlyCount "24"]
[WhiteFideId "24613525"]
[BlackFideId "24605565"]
[EventCountry "GER"]
[EventRounds "9"]
[EventType "swiss"]
[EventDate "2004.05.29"]

1. d4 d5 2. Nf3 Nc6 3. c4 Bg4 4. Nc3 e6 5. cxd5 exd5 6. Bf4 Bb4 7. Rc1 Nge7 8.
e3 Ng6 9. Bg3 O-O 10. Be2 Re8 11. O-O Bd6 12. a3 Bxg3 1/2-1/2

[Event "DEM U16 2004"]
[Site "Willingen GER"]
[Date "2004.06.04"]
[Round "8"]
[White "Kesten, Sebastian"]
[Black "Schäfer, Martin"]
[Result "0-1"]
[Termination "normal"]
[Board "14"]
[WhiteElo "1835"]
[BlackElo "1747"]
[PlyCount "38"]
[WhiteFideId "24616214"]
[EventCountry "GER"]
[EventRounds "9"]
[EventType "swiss"]
[EventDate "2004.05.29"]

1. d4 e6 2. c4 f5 3. g3 Nf6 4. Bg2 d5 5. cxd5 exd5 6. Nf3 Bd6 7. O-O O-O 8. Bg5
Nbd7 9. Nc3 c6 10. Rb1 Qe8 11. Ne1 Ne4 12. Nxe4 fxe4 13. f3 Qh5 14. Bd2 Nf6 15.
e3 exf3 16. Nxf3 Bf5 17. Rc1 Bd3 18. Re1 Ng4 19. Rc3 Rxf3 0-1

[Event "DEM U16w 2004"]
[Site "Willingen GER"]
[Date "2004.05.30"]
[Round "1"]
[White "Rath, Alina"]
[Black "Hoolt, Sarah"]
[Result "1/2-1/2"]
[Termination "normal"]
[Board "1"]
[WhiteElo "1685"]
[BlackElo "2074"]
[PlyCount "115"]
[WhiteFideId "24607886"]
[BlackFideId "24606812"]
[EventCountry "GER"]
[EventRounds "9"]
[EventType "swiss"]
[EventDate "2004.05.29"]

1. c4 c5 2. Nc3 Nc6 3. g3 g6 4. Bg2 Bg7 5. d3 d6 6. e4 e6 7. Nge2 Nge7 8. O-O
O-O 9. Be3 Nd4 10. Qd2 Re8 11. Bh6 Bh8 12. Nxd4 cxd4 13. Ne2 Qc7 14. Rac1 Rb8
15. Qc2 b6 16. Bf4 e5 17. Bd2 Bd7 18. f4 f5 19. b4 Rbc8 20. Qb3 Be6 21. a4 fxe4
22. Bxe4 Qd7 23. fxe5 d5 24. Bg2 dxc4 25. dxc4 Bxe5 26. Nf4 Bf5 27. b5 Kg7 28.
Nd3 Bd6 29. Bf4 Bxf4 30. Rxf4 Qd6 31. Rcf1 Be6 32. Nb2 Nf5 33. Qd3 Bg8 34. g4
Ne3 35. Rxd4 Qc5 36. Rf2 Nxc4 37. Nxc4 Bxc4 38. Rd7+ Kg8 39. Qd4 Qxd4 40. Rxd4
Re1+ 41. Bf1 Bb3 42. Kg2 Ra1 43. Rfd2 Rxa4 44. Rxa4 Bxa4 45. Rd7 Rc5 46. Rd8+
Kg7 47. Rd7+ Kf6 48. Rxh7 Bxb5 49. Bxb5 Rxb5 50. Rxa7 Kg5 51. h3 Rb1 52. Rb7 b5
53. Kg3 Rb3+ 54. Kg2 b4 55. Rb8 Kf6 56. h4 Kg7 57. h5 gxh5 58. gxh5 1/2-1/2

[Event "DEM U16w 2004"]
[Site "Willingen GER"]
[Date "2004.05.30"]
[Round "1"]
[White "Reiske, Anne"]
[Black "Rüdel, Anita"]
[Result "1-0"]
[Termination "normal"]
[Board "8"]
[WhiteElo "1842"]
[BlackElo "1556"]
[PlyCount "83"]
[WhiteFideId "24635472"]
[EventCountry "GER"]
[EventRounds "9"]
[EventType "swiss"]
[EventDate "2004.05.29"]

1. e4 e6 2. d4 d5 3. e5 c5 4. c3 Qb6 5. Nf3 Nc6 6. Bd3 cxd4 7. cxd4 Bd7 8. O-O
Nxd4 9. Nxd4 Qxd4 10. Nc3 a6 11. Qe2 Ne7 12. Kh1 Nc6 13. f4 Nb4 14. Rd1 Nxd3
15. Rxd3 Qb6 16. a4 Bc5 17. Qd1 O-O-O 18. Ne2 Kb8 19. Rb3 Qa7 20. Bd2 Rc8 21.
Bc3 Rhd8 22. Ba5 Rf8 23. Qd2 f6 24. Bc3 Be3 25. Qd3 Rc4 26. Bb4 Rf7 27. Bd6+
Ka8 28. Qxe3 Qxe3 29. Rxe3 Bxa4 30. b3 Bxb3 31. Rxb3 fxe5 32. Bxe5 Re4 33. Ng3
Rc4 34. Rd1 g6 35. Re3 Rd7 36. Ne2 b5 37. Nd4 b4 38. Nxe6 a5 39. Red3 h6 40. h3
a4 41. Ra1 b3 42. Rxb3 1-0

[Event "DEM U16w 2004"]
[Site "Willingen GER"]
[Date "2004.05.30"]
[Round "1"]
[White "Butschek, Tanja"]
[Black "Popovic, Nathalie"]
[Result "1-0"]
[Termination "normal"]
[Board "10"]
[WhiteElo "1748"]
[BlackElo "1497"]
[PlyCount "93"]
[WhiteFideId "24604640"]
[BlackFideId "24630292"]
[EventCountry "GER"]
[EventRounds "9"]
[EventType "swiss"]
[EventDate "2004.05.29"]

1. e4 e6 2. d4 d5 3. Nd2 Nc6 4. c3 e5 5. dxe5 Nxe5 6. Qe2 d4 7. Qb5+ Nc6 8.
cxd4 a6 9. Qa4 b5 10. Bxb5 axb5 11. Qxa8 Nxd4 12. Rb1 Bb4 13. Qd5 Qxd5 14. exd5
Bf5 15. Kd1 Bc2+ 16. Ke1 Bxb1 17. a3 Bxd2+ 18. Bxd2 Nf5 19. Ba5 Kd7 20. Nf3 f6
21. Kd2 Be4 22. Rc1 Nge7 23. Rxc7+ Kd6 24. Rb7 Nxd5 25. Rxb5 Bxf3 26. gxf3 Nd4
27. Bb4+ Nxb4 28. Rxb4 Nxf3+ 29. Ke2 Ne5 30. a4 Rc8 31. b3 Rc2+ 32. Ke3 Rc3+
33. Kd2 Rf3 34. Ke2 Rc3 35. Rb7 Rc2+ 36. Ke3 Rc3+ 37. Kd2 Rd3+ 38. Ke2 g6 39.
a5 Rd5 40. b4 Nc6 41. a6 Re5+ 42. Kf1 Re8 43. b5 Rb8 44. bxc6 Rxb7 45. axb7 Kc7
46. Ke2 Kb8 47. Ke3 1-0

[Event "DEM U16w 2004"]
[Site "Willingen GER"]
[Date "2004.05.30"]
[Round "1"]
[White "Götze, Nadja"]
[Black "Tischer, Jana"]
[Result "1/2-1/2"]
[Termination "normal"]
[Board "11"]
[WhiteElo "1435"]
[BlackElo "1721"]
[PlyCount "52"]
[BlackFideId "24617164"]
[EventCountry "GER"]
[EventRounds "9"]
[EventType "swiss"]
[EventDate "2004.05.29"]

1. e4 c5 2. Nf3 Nc6 3. Nc3 g6 4. d4 cxd4 5. Nxd4 Bg7 6. Be3 Nf6 7. Be2 O-O 8.
O-O d5 9. Nxc6 bxc6 10. e5 Nd7 11. f4 Nb6 12. Bc5 Qc7 13. b3 Rd8 14. Rc1 Bf8
15. Bd3 Nd7 16. Bf2 Bb7 17. Qg4 c5 18. Bh4 f5 19. Bxf5 c4 20. Be6+ Kh8 21. Rfe1
Nc5 22. bxc4 Nxe6 23. Qxe6 dxc4 24. Ne2 a5 25. Rcd1 Ra6 26. Qg4 Bc8 1/2-1/2

[Event "DEM U16w 2004"]
[Site "Willingen GER"]
[Date "2004.05.30"]
[Round "1"]
[White "Albano Jeremias, Bianca"]
[Black "Janiesch, Maike"]
[Result "1/2-1/2"]
[Termination "normal"]
[Board "12"]
[WhiteElo "1694"]
[BlackElo "1361"]
[PlyCount "58"]
[WhiteFideId "24634247"]
[EventCountry "GER"]
[EventRounds "9"]
[EventType "swiss"]
[EventDate "2004.05.29"]

1. e4 e5 2. Nf3 Nc6 3. Bb5 Nf6 4. O-O Bc5 5. c3 O-O 6. d4 Bb6 7. Re1 exd4 8.
cxd4 h6 9. Nc3 d6 10. h3 Bd7 11. e5 dxe5 12. dxe5 Nh7 13. a3 Re8 14. Qc2 Nd4
15. Nxd4 Bxd4 16. Bd3 Ng5 17. Be3 Ne6 18. Bxd4 Nxd4 19. Qd1 Qg5 20. Be4 c5 21.
b4 Rad8 22. bxc5 Bc6 23. Bxc6 Nxc6 24. Qb3 Rxe5 25. Qxb7 Rxe1+ 26. Rxe1 Qxc5
27. Ne4 Qa5 28. Re3 Rd1+ 29. Kh2 Qd5 1/2-1/2

[Event "DEM U16w 2004"]
[Site "Willingen GER"]
[Date "2004.05.30"]
[Round "1"]
[White "Nischik, Natascha"]
[Black "Opaska, Ines"]
[Result "0-1"]
[Termination "normal"]
[Board "13"]
[WhiteElo "1300"]
[BlackElo "1692"]
[PlyCount "42"]
[WhiteFideId "4633849"]
[EventCountry "GER"]
[EventRounds "9"]
[EventType "swiss"]
[EventDate "2004.05.29"]

1. c4 c5 2. Nc3 Nc6 3. Nf3 Nf6 4. g3 b6 5. Bg2 Bb7 6. O-O e6 7. Qa4 Qc8 8. d3
Be7 9. Bg5 h6 10. Be3 O-O 11. Rab1 d5 12. cxd5 exd5 13. Bf4 d4 14. Nb5 Nd5 15.
Bd2 a6 16. Na3 Qe6 17. Qb3 b5 18. Nc2 b4 19. a3 Na5 20. Qa2 b3 21. Qa1 bxc2 0-1

[Event "DEM U16w 2004"]
[Site "Willingen GER"]
[Date "2004.05.30"]
[Round "2"]
[White "Stemmler, Lysan"]
[Black "Nuber, Helene"]
[Result "1-0"]
[Termination "normal"]
[Board "1"]
[WhiteElo "1809"]
[BlackElo "2065"]
[PlyCount "121"]
[WhiteFideId "24622451"]
[BlackFideId "24613045"]
[EventCountry "GER"]
[EventRounds "9"]
[EventType "swiss"]
[EventDate "2004.05.29"]

1. e4 e6 2. d4 d5 3. Nc3 Nf6 4. Bg5 Be7 5. e5 Nfd7 6. Bxe7 Qxe7 7. f4 a6 8. Nf3
c5 9. Qd2 Nc6 10. h4 b5 11. dxc5 Qxc5 12. Bd3 Bb7 13. Qf2 Qxf2+ 14. Kxf2 Rc8
15. a3 Nc5 16. Ne2 Ke7 17. Ke3 h6 18. c3 Rhd8 19. Ned4 Nxd4 20. Nxd4 Nxd3 21.
Kxd3 h5 22. Rh3 Rc7 23. Rg3 g6 24. Kd2 Rdc8 25. Rd3 Rc5 26. g3 R5c7 27. Nf3 a5
28. Nd4 Ba6 29. b4 a4 30. Rc1 Rb8 31. Nf3 Bc8 32. Ng5 Bd7 33. Nh7 Rbc8 34. Rd4
Rc4 35. Rc2 Rxd4+ 36. cxd4 Rxc2+ 37. Kxc2 Be8 38. Nf6 Bc6 39. Kd3 Kf8 40. Ke3
Kg7 41. Kf3 Kh6 42. g4 hxg4+ 43. Kxg4 Kg7 44. Kg5 Bb7 45. h5 gxh5 46. Nxh5+ Kf8
47. Kf6 Bc6 48. Ng3 Bd7 49. Nh1 Bc8 50. Nf2 Bb7 51. Nd3 Ba6 52. Ne1 Bc8 53. Nf3
Bd7 54. Ng5 Be8 55. Nh7+ Kg8 56. Ke7 Kxh7 57. Kxe8 Kg6 58. Ke7 Kf5 59. Kxf7
Kxf4 60. Kxe6 Ke4 61. Kf6 1-0

[Event "DEM U16w 2004"]
[Site "Willingen GER"]
[Date "2004.05.30"]
[Round "2"]
[White "Ohme, Melanie"]
[Black "Butschek, Tanja"]
[Result "0-1"]
[Termination "normal"]
[Board "2"]
[WhiteElo "2000"]
[BlackElo "1748"]
[PlyCount "84"]
[WhiteFideId "4690745"]
[BlackFideId "24604640"]
[EventCountry "GER"]
[EventRounds "9"]
[EventType "swiss"]
[EventDate "2004.05.29"]

1. e4 c6 2. Nc3 d5 3. d3 dxe4 4. Nxe4 Nd7 5. Qe2 e6 6. Bd2 Ngf6 7. Nf3 Be7 8.
h3 Qc7 9. g4 Nxe4 10. dxe4 b6 11. O-O-O Bb7 12. Bg2 O-O-O 13. Ng5 Bxg5 14. Bxg5
f6 15. Be3 Ne5 16. f4 Nf7 17. g5 c5 18. h4 Rxd1+ 19. Rxd1 Rd8 20. Bd2 Nd6 21.
gxf6 gxf6 22. Rf1 f5 23. exf5 Bxg2 24. Qxg2 exf5 25. Qd5 Qb7 26. Qe5 Qf7 27. b3
Ne4 28. Be3 Re8 29. Qb2 Qh5 30. c4 Qxh4 31. Qg2 Qf6 32. Kb1 Nc3+ 33. Kc2 Rxe3
34. Qg8+ Kd7 35. Qxh7+ Ke8 36. Qxa7 Kf8 37. Qa8+ Kf7 38. Qb7+ Re7 39. Qa8 Re2+
40. Kc1 Nxa2+ 41. Kd1 Qa1+ 42. Kxe2 Nc3+ 0-1

[Event "DEM U16w 2004"]
[Site "Willingen GER"]
[Date "2004.05.30"]
[Round "2"]
[White "Opaska, Ines"]
[Black "Winkelmann, Elena"]
[Result "0-1"]
[Termination "normal"]
[Board "3"]
[WhiteElo "1692"]
[BlackElo "1920"]
[PlyCount "82"]
[BlackFideId "24607630"]
[EventCountry "GER"]
[EventRounds "9"]
[EventType "swiss"]
[EventDate "2004.05.29"]

1. f4 d5 2. Nf3 c5 3. e3 Nf6 4. b3 Nc6 5. Bb5 Bd7 6. Bb2 a6 7. Bxc6 Bxc6 8. Ne5
Qc7 9. d3 e6 10. Nd2 h5 11. Nxc6 Qxc6 12. Nf3 Rd8 13. Ne5 Qb6 14. Qf3 Qa5+ 15.
c3 Be7 16. O-O Qc7 17. Qg3 Rg8 18. Nf3 b5 19. Rfc1 Qa5 20. c4 dxc4 21. dxc4 Ne4
22. Qe1 b4 23. Qe2 f6 24. Rd1 Kf7 25. Rxd8 Rxd8 26. Rd1 Rc8 27. Nd2 Nxd2 28.
Qxh5+ Kg8 29. Rxd2 Qc7 30. Qd1 Qc6 31. Rd7 Kf8 32. g4 Qe4 33. Rd3 Kf7 34. Kf2
Rh8 35. Kg3 Qh7 36. Rd2 Qh3+ 37. Kf2 Qxh2+ 38. Kf1 Qh1+ 39. Ke2 Rh2+ 40. Kd3
Qxd1 41. Rxd1 Rxb2 0-1

[Event "DEM U16w 2004"]
[Site "Willingen GER"]
[Date "2004.05.30"]
[Round "2"]
[White "Imas, Denisa"]
[Black "Reiske, Anne"]
[Result "0-1"]
[Termination "normal"]
[Board "4"]
[WhiteElo "1063"]
[BlackElo "1842"]
[PlyCount "62"]
[BlackFideId "24635472"]
[EventCountry "GER"]
[EventRounds "9"]
[EventType "swiss"]
[EventDate "2004.05.29"]

1. d4 d5 2. c4 e6 3. Nc3 Nf6 4. Bf4 b6 5. Nf3 Bb7 6. e3 a6 7. Rc1 Nbd7 8. a3
Be7 9. b4 O-O 10. c5 bxc5 11. bxc5 Bc6 12. Rb1 Ne8 13. Bd3 Bf6 14. Qc2 g6 15.
h4 Ng7 16. g4 Re8 17. h5 e5 18. dxe5 Bxe5 19. Nxe5 Nxe5 20. Bxe5 Rxe5 21. hxg6
hxg6 22. O-O Qh4 23. f3 Rxe3 24. Rf2 Rae8 25. Qd2 Qh3 26. Rbf1 Qg3+ 27. Kh1 Qf4
28. Nd1 d4 29. Re2 Bxf3+ 30. Rxf3 Qxf3+ 31. Kh2 Rxe2+ 0-1

[Event "DEM U16w 2004"]
[Site "Willingen GER"]
[Date "2004.05.30"]
[Round "2"]
[White "Janiesch, Maike"]
[Black "Hofmann, Annett"]
[Result "0-1"]
[Termination "normal"]
[Board "6"]
[WhiteElo "1361"]
[BlackElo "1992"]
[PlyCount "64"]
[BlackFideId "24603759"]
[EventCountry "GER"]
[EventRounds "9"]
[EventType "swiss"]
[EventDate "2004.05.29"]

1. d4 Nf6 2. c4 e6 3. Nc3 Bb4 4. Qc2 c5 5. dxc5 Bxc5 6. Nf3 Nc6 7. e3 d5 8. Be2
O-O 9. O-O Qe7 10. a3 Rd8 11. Rd1 a5 12. b3 d4 13. exd4 Bxd4 14. Bb2 e5 15. Nb5
Qc5 16. Nbxd4 exd4 17. Bd3 Bg4 18. Be4 Ne5 19. Rd2 d3 20. Rxd3 Nxd3 21. Bxd3
Bxf3 22. gxf3 Kh8 23. Be4 Nh5 24. Bc1 Qe5 25. Bb2 Qg5+ 26. Kh1 Rd2 27. Qc3 Rad8
28. Bd5 Rxf2 29. Rg1 Qh6 30. Qe5 f6 31. Qc7 Rf8 32. Qe7 Ng3+ 0-1

[Event "DEM U16w 2004"]
[Site "Willingen GER"]
[Date "2004.05.30"]
[Round "2"]
[White "Großmann, Susan"]
[Black "Rath, Alina"]
[Result "1/2-1/2"]
[Termination "normal"]
[Board "7"]
[WhiteElo "1977"]
[BlackElo "1685"]
[PlyCount "75"]
[WhiteFideId "24608220"]
[BlackFideId "24607886"]
[EventCountry "GER"]
[EventRounds "9"]
[EventType "swiss"]
[EventDate "2004.05.29"]

1. e4 c5 2. d3 g6 3. g3 Bg7 4. Bg2 d6 5. f4 Nc6 6. Nf3 Nf6 7. O-O O-O 8. Kh1
Bd7 9. Be3 Ng4 10. Bc1 b5 11. h3 Nf6 12. e5 dxe5 13. Nxe5 Rc8 14. Nxd7 Qxd7 15.
Nc3 Nd4 16. Be3 Nf5 17. Bf2 e6 18. Rb1 Nd5 19. Qd2 Nxc3 20. bxc3 Rfd8 21. a4 a6
22. axb5 axb5 23. Kh2 Ne7 24. d4 cxd4 25. cxd4 Nd5 26. Bxd5 Qxd5 27. c3 Rc4 28.
Qb2 Rdc8 29. Qxb5 Qxb5 30. Rxb5 Rxc3 31. d5 exd5 32. Rxd5 Rc2 33. Kg1 Rc1 34.
Rxc1 Rxc1+ 35. Kg2 Rc8 36. g4 h6 37. f5 Re8 38. Kf3 1/2-1/2

[Event "DEM U16w 2004"]
[Site "Willingen GER"]
[Date "2004.05.30"]
[Round "2"]
[White "Chin, Karin"]
[Black "Götze, Nadja"]
[Result "1-0"]
[Termination "normal"]
[Board "8"]
[WhiteElo "1864"]
[BlackElo "1435"]
[PlyCount "73"]
[WhiteFideId "24608157"]
[EventCountry "GER"]
[EventRounds "9"]
[EventType "swiss"]
[EventDate "2004.05.29"]

1. e4 e6 2. d4 d5 3. Nc3 Nf6 4. Bg5 Bb4 5. e5 h6 6. Bd2 Bxc3 7. Bxc3 Ne4 8. Ba5
Qe7 9. Bd3 b6 10. Bd2 Nxd2 11. Qxd2 Ba6 12. Bxa6 Nxa6 13. Nf3 c5 14. c3 cxd4
15. cxd4 Qb4 16. a3 Qxd2+ 17. Kxd2 Kd7 18. Rhc1 Rac8 19. h4 Rc7 20. Rxc7+ Nxc7
21. Rc1 Rc8 22. Kd3 Ne8 23. Rxc8 Kxc8 24. g4 g6 25. Nd2 Kd7 26. Ke3 Ke7 27. Kf4
Nc7 28. Nf3 a5 29. Ne1 Na6 30. Nd3 Kd7 31. Ke3 Kc6 32. f4 Nc7 33. a4 Na6 34. h5
Nc7 35. g5 hxg5 36. h6 gxf4+ 37. Kf3 1-0